01728cam a22003614i 4500003000900000005001700009008004100026035002000067040003300087082002400120100003100144245007900175264005300254300003600307336002100343337002500364338002300389504004000412505071400452526001001166526001001176526001001186526001001196526000801206526000801214526000801222526000801230526000801238526000801246526000801254650006501262650003901327PE-LiUPU20250731172927.0170512s1989 miua rb 000 0 eng d a(Sirsi) a203980 aPE-LiUPUbspacPE-LiUPUerda04a259.230973bC242201 aCampolo, Anthony.,eautor.10aGrowing up in America :ba sociology of youth ministry /cAnthony Campolo. 1aGrand Rapids, Mich. :bYouth Specialties,c1989. a217 páginas ;c25 centimetros atext2rdacontent aunmediated2rdamedia avolume2rdacarrier aBibliografía : páginas 211-217.0 aWhat's the world doing to kids, anyway? -- Youth subcultures -- Primary groups and con jobs -- The death of traditional parenthood -- The sexuality wilderness -- What color is your evangelism? Your outreach program -- Counseling : the inescapable privilege -- Crisis counseling : praxis -- Junior-high ministry : too old too soon -- Family ministry : what is the Christian family? -- Events : from the church basement to the arena -- Apathy : a passionless generation -- Turnover : the revolving-door syndrome -- Staff relationships : the will to power -- Money : the seductive mistress -- Spirituality : the price of pragmatism -- Professionalizing youth ministry -- Conclusion : the state of youth ministry. aSEG42 aSEG41 aSEG40 aSEG39 aP94 aP87 aP86 aP85 aP77 aP76 aP35 0aTrabajo de la Iglesia con adultos jóveneszEstados Unidos. 0aAdultos jóveneszEstados Unidos.